Library Banner

Yeh he mera Pakistan! = یہ ہے میرا پاکستان: (Record no. 114884)

MARC details
000 -LEADER
fixed length control field 00596nam a22001577a 4500
005 - DATE AND TIME OF LATEST TRANSACTION
control field 20191130120553.0
008 - FIXED-LENGTH DATA ELEMENTS--GENERAL INFORMATION
fixed length control field 191130b ||||| |||| 00| 0 eng d
020 ## - INTERNATIONAL STANDARD BOOK NUMBER
International Standard Book Number 9789696520313
040 ## - CATALOGING SOURCE
Transcribing agency PK-LaUMT
082 ## - DEWEY DECIMAL CLASSIFICATION NUMBER
Classification number MSC 915.491
Item number KHA-Y
100 ## - MAIN ENTRY--PERSONAL NAME
Personal name Khalil Tauqar = خلیل طوقار
245 ## - TITLE STATEMENT
Title Yeh he mera Pakistan! = یہ ہے میرا پاکستان:
Remainder of title ایک ترک سیاح کا اردو میں تحریر کردہ سفر نامہ پاکستان /
Statement of responsibility, etc by Khalil Tauqar = خلیل طوقار
260 ## - PUBLICATION, DISTRIBUTION, ETC. (IMPRINT)
Place of publication, distribution, etc Lahore :
Name of publisher, distributor, etc Jumhoori Publications,
Date of publication, distribution, etc 2015
300 ## - PHYSICAL DESCRIPTION
Extent 294 p.
942 ## - ADDED ENTRY ELEMENTS (KOHA)
Koha item type Books
Holdings
Withdrawn status Lost status Damaged status Home library Current library Date acquired Full call number Barcode Date last seen Price effective from Koha item type
      UMT Main Campus UMT Main Campus 2019-11-30 MSC 915.491 KHA-Y 112572 2019-11-30 2019-11-30 Books